[Event "Festival Carnevale d'Europa"]
[Site "Cento ITA"]
[Date "2011.02.12"]
[Round "8"]
[White "Necesito, Donald"]
[Black "Valenti, Giuseppe"]
[WhiteElo "1437"]
[BlackElo "2133"]
[Result "0-1"]
[PlyCount "86"]
[EventDate "2011.02.05"]

1. c4 d6 2. g3 g6 3. Bg2 Bg7 4. Nf3 Nf6 5. d3 c6 6. Nc3 Nbd7 7. O-O O-O 8. Qc2
a5 9. b3 Qc7 10. Rb1 e5 11. Bg5 h6 12. Bxf6 Nxf6 13. Nd2 Be6 14. Rfc1 Rac8 15.
Nce4 Nxe4 16. Bxe4 f5 17. Bg2 Qd7 18. b4 axb4 19. Rxb4 Rf7 20. Rcb1 Rc7 21. Qa4
Bf8 22. Qc2 Kh7 23. f4 d5 24. c5 Qe7 25. Rc1 Bc8 26. Nf3 exf4 27. Rxf4 Qe3+ 28.
Kh1 Rce7 29. Ng1 g5 30. Rf3 Qe5 31. Rcf1 Kg8 32. e4 fxe4 33. Rxf7 Rxf7 34. Rxf7
Kxf7 35. dxe4 dxe4 36. Bxe4 Bxc5 37. Nf3 Qe7 38. Bh7 Kf8 39. Qg6 Qg7 40. Qc2 b6
41. Kg2 g4 42. Nh4 Qd4 43. Kf1 Ba6+ 0-1

[Event "Festival Carnevale d'Europa"]
[Site "Cento ITA"]
[Date "2011.02.12"]
[Round "8"]
[White "Piscopo, Pierluigi"]
[Black "Gromovs, Sergejs"]
[WhiteElo "2406"]
[BlackElo "2284"]
[Result "1-0"]
[PlyCount "80"]
[EventDate "2011.02.05"]

1. e4 c5 2. Nf3 d6 3. d4 cxd4 4. Nxd4 Nf6 5. Nc3 a6 6. Be2 e5 7. Nb3 Be7 8. g4
h6 9. f4 exf4 10. Bxf4 Nc6 11. h3 Ne5 12. Qd4 Qc7 13. O-O-O Be6 14. Kb1 Rc8 15.
Qe3 O-O 16. g5 hxg5 17. Bxg5 b5 18. Nd4 Qa5 19. Nf5 Bxf5 20. Bxf6 Bxf6 21. exf5
Rxc3 22. Qxc3 Qxc3 23. bxc3 Nc4 24. Rhg1 Bxc3 25. Bxc4 bxc4 26. Rg4 Rb8+ 27.
Kc1 Bb2+ 28. Kd2 d5 29. c3 Ba3 30. Ke3 Re8+ 31. Kd4 Be7 32. Rf1 Bf6+ 33. Kxd5
Re5+ 34. Kxc4 Re3 35. Kd5 Rd3+ 36. Ke4 Rxc3 37. Rb1 Rxh3 38. Rb3 Rh2 39. Ra3
Re2+ 40. Kf3 Re5 1-0

[Event "Festival Carnevale d'Europa"]
[Site "Cento ITA"]
[Date "2011.02.12"]
[Round "8"]
[White "Scalcione, Michelangelo"]
[Black "Ansell, Simon T."]
[WhiteElo "2344"]
[BlackElo "2423"]
[Result "1/2-1/2"]
[PlyCount "163"]
[EventDate "2011.02.05"]

1. Nf3 d6 2. d4 Bg4 3. e4 Nf6 4. Nc3 c6 5. h3 Bh5 6. Qe2 e6 7. g4 Bg6 8. h4 h5
9. g5 Nfd7 10. Bh3 Be7 11. Be3 d5 12. Nd2 dxe4 13. Ncxe4 Na6 14. Bg2 Nb4 15.
Nc4 Qc7 16. c3 Nd5 17. Ng3 O-O-O 18. a4 c5 19. a5 cxd4 20. cxd4 Bb4+ 21. Kf1
Nxe3+ 22. Nxe3 Nc5 23. Rd1 Na6 24. Bf3 Kb8 25. Kg2 Qxa5 26. Ra1 Qb6 27. Nc4 Qb5
28. d5 exd5 29. Qe5+ Nc7 30. Na3 Qb6 31. Qxg7 Ne6 32. Qf6 Bd6 33. Ne2 Rhe8 34.
Rhd1 Nc5 35. Rxd5 Ne4 36. Qd4 Bc5 37. Qa4 Bxa3 38. Rxd8+ Rxd8 39. Bxe4 Bc5 40.
Bxg6 fxg6 41. Qe4 a6 42. Rf1 Ka7 43. f3 Qb5 44. Qc2 Be3 45. Nc3 Qc4 46. Qe4
Rd2+ 47. Kg3 Bd4 48. Rd1 Qc7+ 49. f4 Bxc3 50. Rxd2 Bxd2 51. Qd4+ b6 52. Qxd2
Qc8 53. Qe2 a5 54. Qe7+ Ka6 55. Qe2+ b5 56. Qf3 a4 57. f5 gxf5 58. Qxh5 f4+ 59.
Kxf4 Qc1+ 60. Kf5 Qxb2 61. Qd1 a3 62. Qd6+ Ka5 63. Qd8+ Ka4 64. Qa8+ Kb3 65.
Qd5+ Kc3 66. Qf3+ Kc2 67. Qe4+ Kd1 68. Qh1+ Ke2 69. Qg2+ Ke3 70. Qg3+ Kd4 71.
Qe5+ Kc4 72. Qe6+ Kb4 73. Qd6+ Ka5 74. Qd8+ Kb4 75. Qd6+ Kb3 76. Qd5+ Kc2 77.
Qe4+ Kd2 78. Qg2+ Kc3 79. Qc6+ Kb4 80. Qd6+ Ka4 81. Qa6+ Kb4 82. Ke4 1/2-1/2

[Event "Festival Carnevale d'Europa"]
[Site "Cento ITA"]
[Date "2011.02.12"]
[Round "8"]
[White "Setti, Roberto"]
[Black "Roversi, Stefano"]
[WhiteElo "1939"]
[BlackElo "1885"]
[Result "1/2-1/2"]
[PlyCount "90"]
[EventDate "2011.02.05"]

1. c4 Nf6 2. Nc3 e6 3. Nf3 d5 4. d4 c6 5. Bg5 Nbd7 6. e3 Be7 7. Bd3 O-O 8. O-O
dxc4 9. Bxc4 b5 10. Bd3 b4 11. Na4 Qa5 12. e4 Ba6 13. b3 Bxd3 14. Qxd3 h6 15.
Bh4 Qh5 16. Rac1 c5 17. e5 Nd5 18. Bxe7 Nxe7 19. Nxc5 Nxc5 20. Rxc5 Nd5 21. Nd2
Nf4 22. Qf3 Ne2+ 23. Kh1 Qxf3 24. Nxf3 Nc3 25. a3 a5 26. Rc4 Rfc8 27. Rxc8+
Rxc8 28. Ra1 Ne4 29. axb4 axb4 30. Kg1 Rc2 31. h3 Rb2 32. d5 exd5 33. Nd4 Nxf2
34. Ra5 Nd1 35. Rxd5 Rxg2+ 36. Kxg2 Ne3+ 37. Kf3 Nxd5 38. Ke4 Nc3+ 39. Kd3 g5
40. Nc6 Nd5 41. Ke4 Nf4 42. h4 Ne6 43. hxg5 hxg5 44. Nxb4 Nc5+ 45. Kf5 Nxb3
1/2-1/2

[Event "Festival Carnevale d'Europa"]
[Site "Cento ITA"]
[Date "2011.02.12"]
[Round "8"]
[White "Simonian, Hrair"]
[Black "Frigieri, Fabrizio"]
[WhiteElo "2475"]
[BlackElo "2161"]
[Result "1-0"]
[PlyCount "67"]
[EventDate "2011.02.05"]

1. e4 c5 2. Nc3 d6 3. Nge2 Nf6 4. g3 g6 5. Bg2 Bg7 6. O-O Nc6 7. d3 O-O 8. Bg5
Rb8 9. Qd2 b5 10. Bh6 Bd7 11. Bxg7 Kxg7 12. f4 e5 13. Nd5 Ng8 14. c3 f6 15.
fxe5 fxe5 16. Rxf8 Kxf8 17. d4 c4 18. b3 Kg7 19. bxc4 bxc4 20. Rf1 Qa5 21. Ne3
exd4 22. Nxd4 Ne5 23. Nd5 Rf8 24. Rxf8 Kxf8 25. Qb2 Kg7 26. Bf1 Qc5 27. Qb7 Nf6
28. Kh1 Qa3 29. Ne6+ Kh6 30. Nxf6 Qc1 31. Ng8+ Kh5 32. Nf4+ Kg4 33. Kg2 Qd2+
34. Be2+ 1-0

[Event "Festival Carnevale d'Europa"]
[Site "Cento ITA"]
[Date "2011.02.12"]
[Round "8"]
[White "Sorbera, Giovanni"]
[Black "Cavatorta, Fosco"]
[WhiteElo "2135"]
[BlackElo "1917"]
[Result "1-0"]
[PlyCount "121"]
[EventDate "2011.02.05"]

1. e4 e6 2. d4 d5 3. Nc3 Nf6 4. e5 Nfd7 5. Qh5 c5 6. Nf3 Nc6 7. Ng5 g6 8. Qf3
Qe7 9. Nb5 Ndxe5 10. dxe5 Nxe5 11. Qe2 Bg7 12. g3 a6 13. Nc3 Bd7 14. Bg2 Rb8
15. Bf4 f6 16. Nf3 Nxf3+ 17. Bxf3 Rc8 18. O-O d4 19. Ne4 e5 20. Bd2 Bb5 21. Qe1
h6 22. b4 b6 23. bxc5 bxc5 24. a4 Bxf1 25. Qxf1 c4 26. Bc1 Qe6 27. Ba3 Bf8 28.
Bxf8 Kxf8 29. Rb1 f5 30. Qh3 Qd7 31. Nf6 Qe6 32. Rb6 Qe7 33. Bh5 d3 34. Bxg6
dxc2 35. Qf1 Rd8 36. Bh5 Rd1 37. Bxd1 c1=Q 38. Qe2 Qd8 39. Rb8 Qxb8 40. Nd7+
Ke7 41. Nxb8 Rxb8 42. Qxe5+ Kd7 43. Qxb8 Qxd1+ 44. Kg2 Qxa4 45. Qb7+ Kd6 46.
Qb8+ Kc5 47. Qf8+ Kb6 48. Qxh6+ Kc5 49. Qf8+ Kd4 50. Qf6+ Ke4 51. h4 Qb5 52. h5
Kd3 53. Qd6+ Ke2 54. Qe7+ Kd3 55. Qe3+ Kc2 56. h6 c3 57. f3 Qd7 58. Qf2+ Qd2
59. h7 Kd1 60. h8=Q c2 61. Qh1+ 1-0

[Event "Festival Carnevale d'Europa"]
[Site "Cento ITA"]
[Date "2011.02.12"]
[Round "8"]
[White "Valguarnera, Girolamo"]
[Black "Bentivegna, Francesco"]
[WhiteElo "2164"]
[BlackElo "2348"]
[Result "1-0"]
[PlyCount "81"]
[EventDate "2011.02.05"]

1. e4 e5 2. Nf3 Nc6 3. Bb5 a6 4. Ba4 Nf6 5. O-O b5 6. Bb3 Bc5 7. d3 d6 8. c3
O-O 9. Bg5 h6 10. Bh4 Qe7 11. Bc2 Ba7 12. h3 Bb7 13. Nbd2 Nb8 14. b4 c5 15.
bxc5 dxc5 16. d4 Nbd7 17. d5 c4 18. Rc1 g5 19. Bg3 Ne8 20. Re1 Nd6 21. Nf1 f6
22. Ne3 Bxe3 23. Rxe3 Nc5 24. Qe2 a5 25. Rb1 Ba6 26. Nd4 exd4 27. cxd4 Nd3 28.
e5 Nf5 29. d6 Qh7 30. Rxd3 cxd3 31. Qxd3 Rac8 32. e6 Rxc2 33. Qxc2 Nxd6 34.
Qxh7+ Kxh7 35. Bxd6 Re8 36. d5 Kg6 37. Bc7 Bc8 38. Bxa5 Kf5 39. Rxb5 Ba6 40.
Rc5 Ke4 41. d6 1-0

[Event "Festival Carnevale d'Europa"]
[Site "Cento ITA"]
[Date "2011.02.12"]
[Round "8"]
[White "Vezzelli, Francesco"]
[Black "Martinez, Guido"]
[WhiteElo "1905"]
[BlackElo "1926"]
[Result "1-0"]
[PlyCount "159"]
[EventDate "2011.02.05"]

1. e4 c6 2. d4 d5 3. Nc3 dxe4 4. Nxe4 Bf5 5. Ng3 Bg6 6. Bf4 Nf6 7. c4 e6 8. Nf3
Nbd7 9. Be2 Bb4+ 10. Nd2 Nb6 11. Be3 Qd7 12. O-O O-O 13. a3 Be7 14. Nf3 Qc7 15.
Qc1 Nbd7 16. b4 Rac8 17. Ne5 Rfd8 18. f4 Nxe5 19. dxe5 Ne4 20. Nxe4 Bxe4 21.
Qc3 Rd7 22. Rad1 Rcd8 23. Rxd7 Rxd7 24. Rd1 Rxd1+ 25. Bxd1 Qd8 26. Be2 a6 27.
Bd4 Qd7 28. Qe3 Bb1 29. Kf2 h6 30. g3 Bf8 31. Qc3 Qc7 32. Ke3 Be7 33. Qb3 Bg6
34. Qc3 Kf8 35. Bf3 Qd7 36. Ba7 Kg8 37. Qd4 Qc8 38. Kd2 Kf8 39. Kc3 Ke8 40. a4
Qd7 41. Qxd7+ Kxd7 42. c5 Bb1 43. Bb8 Ba2 44. Bd6 g6 45. b5 axb5 46. axb5 Bd8
47. Kb4 Bd5 48. Be2 h5 49. Bf1 Bf3 50. Bb8 Bd5 51. Be2 Be4 52. Ba7 Bd5 53. Bb6
Be7 54. bxc6+ bxc6 55. Ba6 Bf3 56. Ka5 Be4 57. Bc4 Bf3 58. Ka6 Be4 59. Ka7 Bf3
60. Kb8 Be4 61. Ba6 Bd5 62. Bc8+ Ke8 63. Kc7 Bd8+ 64. Kb7 Be7 65. h3 Bf3 66. g4
hxg4 67. hxg4 Bh4 68. f5 gxf5 69. gxf5 Bd5 70. f6 Bf2 71. Kc7 Bd4 72. Kd6 Bc3
73. Bc7 Bd4 74. Ba5 Kf8 75. Be1 Kg8 76. Bg3 Kh7 77. Bd7 Kg8 78. Bxc6 Bc4 79.
Ba4 Kh7 80. c6 1-0

[Event "Festival Carnevale d'Europa"]
[Site "Cento ITA"]
[Date "2011.02.12"]
[Round "9"]
[White "Ansell, Simon T."]
[Black "Mueer, Sebastian"]
[WhiteElo "2423"]
[BlackElo "2189"]
[Result "1-0"]
[PlyCount "127"]
[EventDate "2011.02.05"]

1. e4 g6 2. d4 Bg7 3. Nf3 d6 4. Bc4 e6 5. Bb3 Nd7 6. O-O Ne7 7. Re1 b6 8. Nbd2
Bb7 9. Nf1 O-O 10. Ng3 h6 11. c3 a6 12. h4 Nf6 13. h5 d5 14. e5 Nh7 15. Bc2 Nf5
16. Ne2 gxh5 17. Nf4 h4 18. Bxf5 exf5 19. e6 Re8 20. exf7+ Kxf7 21. Rxe8 Kxe8
22. Qe2+ Qe7 23. Qxe7+ Kxe7 24. Nxh4 Kf7 25. Nxf5 Re8 26. Be3 Nf6 27. Nxg7 Kxg7
28. Re1 Bc8 29. f3 Bf5 30. Bf2 Rxe1+ 31. Bxe1 c6 32. Bh4 Nd7 33. Kf2 Kf7 34.
Ke3 Bb1 35. a3 b5 36. Nd3 Bxd3 37. Kxd3 a5 38. Bd8 a4 39. Ke3 Nf8 40. Bc7 Ne6
41. Be5 h5 42. Kf2 Kg6 43. Kg3 Nf8 44. Kh4 Nd7 45. Bc7 Nf6 46. Bd8 Ne8 47. Bg5
Nd6 48. Bc1 Nf5+ 49. Kh3 Nd6 50. Kg3 Kf5 51. Kh4 Kg6 52. g4 hxg4 53. fxg4 Ne4
54. Be3 Kg7 55. Kh5 Kh7 56. g5 Ng3+ 57. Kg4 Ne4 58. Kf5 Nd6+ 59. Ke6 Nc4 60.
Bc1 Kg6 61. Kd7 c5 62. dxc5 Ne5+ 63. Kd6 Nd3 64. c6 1-0

[Event "Festival Carnevale d'Europa"]
[Site "Cento ITA"]
[Date "2011.02.12"]
[Round "9"]
[White "Arnetta, Maria Teresa"]
[Black "Zoldan, Matteo"]
[WhiteElo "2071"]
[BlackElo "2195"]
[Result "0-1"]
[PlyCount "92"]
[EventDate "2011.02.05"]

1. e4 c5 2. c3 d5 3. exd5 Qxd5 4. d4 Nc6 5. Nf3 Bg4 6. Be2 cxd4 7. cxd4 e6 8.
h3 Bh5 9. O-O Nf6 10. Nc3 Qa5 11. g4 Bg6 12. Ne5 Bb4 13. Bf3 Nxe5 14. dxe5 Bxc3
15. bxc3 Ne4 16. Qb3 O-O 17. h4 h6 18. Re1 Nc5 19. Qa3 Qc7 20. Re3 Rac8 21. Qb4
b6 22. Ba3 Rfd8 23. Qf4 Nd3 24. Qa4 Nxe5 25. Bg2 Nc4 26. Rg3 Nxa3 27. Qxa3 Rd2
28. h5 Bh7 29. g5 hxg5 30. Rf1 Bd3 31. Qc1 Qxc3 32. Qxc3 Rxc3 33. Be4 f5 34.
Bxd3 Rcxd3 35. Rxg5 Rxa2 36. h6 Rd7 37. Kg2 Kh7 38. Rh1 gxh6 39. Rgh5 Rg7+ 40.
Kf3 Rg6 41. Rc1 Ra4 42. Rc7+ Rg7 43. Rc6 Re4 44. Rh1 Rd7 45. Rhc1 Kg6 46. Rg1+
Kf6 0-1

[Event "Festival Carnevale d'Europa"]
[Site "Cento ITA"]
[Date "2011.02.12"]
[Round "9"]
[White "Buriani, Andrea"]
[Black "Vezzelli, Francesco"]
[WhiteElo "2171"]
[BlackElo "1905"]
[Result "1-0"]
[PlyCount "75"]
[EventDate "2011.02.05"]

1. d4 d5 2. Nf3 Nf6 3. e3 c6 4. Bd3 e6 5. Nbd2 Nbd7 6. Qe2 b6 7. O-O Bd6 8. e4
dxe4 9. Nxe4 Nxe4 10. Qxe4 Bb7 11. Qg4 g6 12. Ng5 Nf6 13. Qf3 O-O 14. Qh3 Re8
15. Be3 Rc8 16. Rad1 Qc7 17. Rfe1 a6 18. Qh4 c5 19. dxc5 Bxc5 20. Bxc5 Qxc5 21.
Re3 Kg7 22. Rh3 h5 23. Re1 Qa5 24. b4 Qxa2 25. Rg3 e5 26. f3 Qd5 27. Kh1 Qd4
28. Ne4 Nxe4 29. fxe4 Qxb4 30. Rf1 Qe7 31. Qxh5 Rh8 32. Qg4 Rh4 33. Rxf7+ Qxf7
34. Qxh4 Rxc2 35. h3 Rc1+ 36. Kh2 Rc7 37. Qg5 Qe7 38. Qxg6+ 1-0

[Event "Festival Carnevale d'Europa"]
[Site "Cento ITA"]
[Date "2011.02.12"]
[Round "9"]
[White "Calavalle, Giulio"]
[Black "Sorbera, Giovanni"]
[WhiteElo "2237"]
[BlackElo "2135"]
[Result "1-0"]
[PlyCount "119"]
[EventDate "2011.02.05"]

1. e4 c5 2. Nc3 Nc6 3. Bc4 d6 4. d3 g6 5. Nge2 Bg7 6. O-O e6 7. a3 a6 8. a4
Nge7 9. Bg5 Qd7 10. Qd2 d5 11. exd5 exd5 12. Ba2 h6 13. Bxe7 Nxe7 14. Nf4 d4
15. Ncd5 Nxd5 16. Nxd5 Qd6 17. Rfe1+ Kf8 18. Qa5 Bf5 19. Re2 Bf6 20. Nxf6 b6
21. Ne8 Qc6 22. Qe1 Rxe8 23. Rxe8+ Qxe8 24. Qxe8+ Kxe8 25. a5 bxa5 26. Bc4 Be6
27. Rxa5 Ke7 28. Rxc5 Rb8 29. b3 Kd6 30. Ra5 Bxc4 31. dxc4 Kc7 32. Rc5+ Kb6 33.
Rd5 d3 34. Rxd3 Kc5 35. Kf1 Kb4 36. Ke2 a5 37. Kd2 a4 38. bxa4 Kxc4 39. Rc3+
Kd5 40. a5 Ra8 41. Ra3 Ra6 42. Kd3 f5 43. c4+ Kc5 44. Kc3 g5 45. Ra1 f4 46. Rd1
Re6 47. Ra1 Ra6 48. Re1 Rd6 49. Re5+ Kc6 50. a6 Rd7 51. Re6+ Kc5 52. Rxh6 Rd1
53. a7 Ra1 54. Rh7 Ra5 55. Rc7+ Kb6 56. Rd7 Ra3+ 57. Kd4 Kc6 58. Rg7 Kd6 59.
Rxg5 Rxa7 60. Rg6+ 1-0

[Event "Festival Carnevale d'Europa"]
[Site "Cento ITA"]
[Date "2011.02.12"]
[Round "9"]
[White "Caprio, Guido"]
[Black "Lekic, Dusan"]
[WhiteElo "2272"]
[BlackElo "2389"]
[Result "0-1"]
[PlyCount "50"]
[EventDate "2011.02.05"]

1. e4 c5 2. Nf3 d6 3. d4 cxd4 4. Nxd4 Nf6 5. Nc3 g6 6. Be3 Bg7 7. f3 Nc6 8. Qd2
O-O 9. Bc4 Bd7 10. O-O-O Rc8 11. Bb3 Nxd4 12. Bxd4 b5 13. Nd5 Nxd5 14. Bxg7
Kxg7 15. exd5 a5 16. a3 Kg8 17. Rhe1 b4 18. axb4 axb4 19. Qxb4 Rb8 20. Qc3 Re8
21. Re3 Qb6 22. Qd4 Qa5 23. Rde1 Rb4 24. Qd1 Bf5 25. Qe2 Qa1+ 0-1

[Event "Festival Carnevale d'Europa"]
[Site "Cento ITA"]
[Date "2011.02.12"]
[Round "9"]
[White "Caruso, Augusto"]
[Black "Simonian, Hrair"]
[WhiteElo "2256"]
[BlackElo "2475"]
[Result "0-1"]
[PlyCount "102"]
[EventDate "2011.02.05"]

1. e4 c5 2. Nc3 e6 3. f4 d5 4. Nf3 dxe4 5. Nxe4 Nf6 6. d3 Nbd7 7. g3 b6 8. Bg2
Nxe4 9. dxe4 Ba6 10. e5 Qc7 11. Nd2 Rd8 12. c4 Bb7 13. Qe2 Bxg2 14. Qxg2 Be7
15. O-O O-O 16. Qe4 Nb8 17. Nf3 Nc6 18. f5 exf5 19. Qxf5 Qd7 20. Qh5 Qe6 21. b3
g6 22. Qh6 Nxe5 23. Bb2 f6 24. Bxe5 fxe5 25. Rae1 Bf6 26. Re4 Rde8 27. Qe3 Bg7
28. Re1 Rf5 29. g4 Bh6 30. Qd3 Rf4 31. Rxe5 Qxg4+ 32. Kh1 Ref8 33. Qd5+ Kh8 34.
Ng1 Rf2 35. Re8 Qf4 36. Qe5+ Qxe5 37. R1xe5 Rxa2 38. Ne2 Rxe8 39. Rxe8+ Kg7 40.
Nc3 Ra1+ 41. Kg2 Bg5 42. Ra8 Bf6 43. Nb5 Ra2+ 44. Kh3 Be5 45. Rxa7+ Rxa7 46.
Nxa7 Kf6 47. Nc8 Bc7 48. Kg4 Bxh2 49. Nxb6 h5+ 50. Kf3 Kf5 51. Nd5 Bd6 0-1

[Event "Festival Carnevale d'Europa"]
[Site "Cento ITA"]
[Date "2011.02.12"]
[Round "9"]
[White "Cavatorta, Fosco"]
[Black "Carletti, Davide M."]
[WhiteElo "1917"]
[BlackElo "1702"]
[Result "1-0"]
[PlyCount "87"]
[EventDate "2011.02.05"]

1. d4 d5 2. Nf3 Nf6 3. e3 e6 4. Bd3 c5 5. c3 Nbd7 6. O-O Bd6 7. Nbd2 O-O 8. Re1
b6 9. e4 dxe4 10. Nxe4 Nxe4 11. Bxe4 Rb8 12. Bc2 c4 13. Qe2 b5 14. Ne5 Qh4 15.
Nf3 Qh5 16. Ne5 Qh4 17. Qg4 Qxg4 18. Nxg4 Bb7 19. Ne5 Nxe5 20. dxe5 Bc5 21. Bg5
h6 22. Bh4 Bd5 23. Kf1 b4 24. Rab1 bxc3 25. bxc3 Rb6 26. f3 Rfb8 27. Bf2 Bxf2
28. Kxf2 Rb2 29. Rxb2 Rxb2 30. Re2 Rxa2 31. Bh7+ Kxh7 32. Rxa2 Kg6 33. Ke3 f6
34. Kd4 Kf5 35. exf6 gxf6 36. Rxa7 Kg6 37. Rd7 Bc6 38. Rd6 e5+ 39. Kxc4 Bb7 40.
Kb5 e4 41. fxe4 Bxe4 42. g3 Bf3 43. c4 Be2 44. Rd4 1-0

[Event "Festival Carnevale d'Europa"]
[Site "Cento ITA"]
[Date "2011.02.12"]
[Round "9"]
[White "Danielian, Elina"]
[Black "Brunello, Sabino"]
[WhiteElo "2454"]
[BlackElo "2540"]
[Result "1/2-1/2"]
[PlyCount "22"]
[EventDate "2011.02.05"]

1. Nf3 Nf6 2. d4 g6 3. c4 Bg7 4. g3 O-O 5. Bg2 d5 6. cxd5 Nxd5 7. O-O Nb6 8.
Nc3 Nc6 9. d5 Na5 10. Qc2 c6 11. dxc6 Nxc6 1/2-1/2

[Event "Festival Carnevale d'Europa"]
[Site "Cento ITA"]
[Date "2011.02.12"]
[Round "9"]
[White "David, Alberto"]
[Black "Salvador, Roland"]
[WhiteElo "2580"]
[BlackElo "2533"]
[Result "1/2-1/2"]
[PlyCount "27"]
[EventDate "2011.02.05"]

1. e4 c5 2. Nf3 e6 3. d4 cxd4 4. Nxd4 a6 5. c4 Nf6 6. Nc3 Qc7 7. a3 b6 8. Be2
Bb7 9. f3 d6 10. Be3 Nbd7 11. Rc1 Be7 12. O-O O-O 13. Qd2 Rfe8 14. Rfd1 1/2-1/2

[Event "Festival Carnevale d'Europa"]
[Site "Cento ITA"]
[Date "2011.02.12"]
[Round "9"]
[White "De Florio, Federico"]
[Black "Litrico, Paolo"]
[WhiteElo "2196"]
[BlackElo "1954"]
[Result "1-0"]
[PlyCount "105"]
[EventDate "2011.02.05"]

1. d4 f5 2. c4 Nf6 3. Nc3 g6 4. Qc2 Bg7 5. Nf3 O-O 6. Bg5 d6 7. e3 c6 8. Be2
Qe8 9. O-O Nbd7 10. Rad1 Qf7 11. b4 Re8 12. Rd2 Nb6 13. Qb3 Ne4 14. Rc2 Nxg5
15. Nxg5 Qf6 16. c5+ Nd5 17. Nxd5 cxd5 18. Nf3 Be6 19. cxd6 exd6 20. Rc7 Rab8
21. Rfc1 f4 22. b5 Bh6 23. exf4 Bxf4 24. Rd1 Re7 25. b6 axb6 26. Qxb6 Bg4 27.
Rxe7 Qxe7 28. Qb5 Qf7 29. h3 Bd7 30. Qb3 Bh6 31. Ne1 Bf5 32. Nc2 Rf8 33. Rf1
Bg7 34. Ne3 Bxd4 35. Nxf5 Qxf5 36. Bf3 Kh8 37. Qxb7 Qf4 38. Qxd5 Be5 39. Rd1
Qh2+ 40. Kf1 Rb8 41. Qf7 Bg7 42. Bd5 Rf8 43. Qe6 Qg3 44. Bf3 Qf4 45. Rxd6 Qa4
46. Rd7 Rb8 47. g3 Rf8 48. Qe7 Qc4+ 49. Kg2 Qc3 50. Bd5 Qb2 51. Bf7 Qb5 52. Rd8
Qc6+ 53. Bd5 1-0

[Event "Festival Carnevale d'Europa"]
[Site "Cento ITA"]
[Date "2011.02.12"]
[Round "9"]
[White "De Santis, Alessio"]
[Black "Solomon, Kenny"]
[WhiteElo "2289"]
[BlackElo "2425"]
[Result "0-1"]
[PlyCount "70"]
[EventDate "2011.02.05"]

1. d4 Nf6 2. c4 e6 3. Nc3 Bb4 4. Qc2 O-O 5. a3 Bxc3+ 6. Qxc3 b6 7. Bg5 Bb7 8.
f3 h6 9. Bh4 d5 10. e3 Nbd7 11. cxd5 exd5 12. Bd3 Re8 13. Bf2 c5 14. Ne2 Rc8
15. Qd2 Nf8 16. O-O Ne6 17. Rac1 Nh5 18. Bb5 Rf8 19. Rfd1 Qe7 20. dxc5 bxc5 21.
b4 a6 22. Bd3 c4 23. Bb1 g6 24. Nd4 Nhg7 25. e4 dxe4 26. Qxh6 f5 27. Qxg6 Nf4
28. Qh6 Nd3 29. Bxd3 cxd3 30. Rxc8 Rxc8 31. fxe4 Qxe4 32. Qg5 f4 33. Re1 d2 34.
Rd1 Rc1 35. Qd8+ Qe8 0-1

[Event "Festival Carnevale d'Europa"]
[Site "Cento ITA"]
[Date "2011.02.12"]
[Round "9"]
[White "Delchev, Aleksander"]
[Black "Korneev, Oleg"]
[WhiteElo "2629"]
[BlackElo "2576"]
[Result "1/2-1/2"]
[PlyCount "25"]
[EventDate "2011.02.05"]

1. Nf3 d5 2. d4 Nf6 3. c4 e6 4. Nc3 Be7 5. Bg5 h6 6. Bh4 O-O 7. e3 Ne4 8. Bxe7
Qxe7 9. Rc1 c6 10. Be2 Nd7 11. O-O Nxc3 12. Rxc3 dxc4 13. Bxc4 1/2-1/2

[Event "Festival Carnevale d'Europa"]
[Site "Cento ITA"]
[Date "2011.02.12"]
[Round "9"]
[White "Dvirnyy, Danyyil"]
[Black "Malloni, Marcello"]
[WhiteElo "2480"]
[BlackElo "2285"]
[Result "1/2-1/2"]
[PlyCount "78"]
[EventDate "2011.02.05"]

1. e4 e5 2. Nf3 Nc6 3. Bb5 Nf6 4. O-O Nxe4 5. d4 Nd6 6. Bxc6 dxc6 7. dxe5 Nf5
8. Qxd8+ Kxd8 9. Rd1+ Ke8 10. Nc3 h6 11. b3 Be6 12. Bb2 Rd8 13. Ne2 Bd5 14. Nd2
c5 15. Nf4 Bc6 16. Nc4 b6 17. Rxd8+ Kxd8 18. e6 fxe6 19. Nxe6+ Kc8 20. Be5 Bd6
21. g4 Nh4 22. Bxd6 cxd6 23. Nxg7 Rg8 24. Nxd6+ Kc7 25. Ndf5 Nxf5 26. Nxf5
Rxg4+ 27. Kf1 Rg2 28. h4 Rh2 29. Re1 Bg2+ 30. Ke2 Be4 31. Ng3 Rxh4 32. Kd2 Bc6
33. Re7+ Bd7 34. Ke3 a5 35. Rh7 Kd6 36. a4 Rh3 37. Kf4 Rh4+ 38. Ke3 Rh3 39. Kf4
Rh4+ 1/2-1/2

[Event "Festival Carnevale d'Europa"]
[Site "Cento ITA"]
[Date "2011.02.12"]
[Round "9"]
[White "Frigieri, Fabrizio"]
[Black "Roversi, Stefano"]
[WhiteElo "2161"]
[BlackElo "1885"]
[Result "1-0"]
[PlyCount "57"]
[EventDate "2011.02.05"]

1. e4 c5 2. Nf3 Nc6 3. d4 cxd4 4. Nxd4 a6 5. Nc3 e6 6. Be2 Nxd4 7. Qxd4 Ne7 8.
Be3 b5 9. O-O Nc6 10. Qd2 Be7 11. f4 Bb7 12. Bf3 Na5 13. Qf2 Rc8 14. Kh1 Nc4
15. Bd4 O-O 16. Nd1 Qc7 17. b3 Na3 18. Qg3 f6 19. Ne3 Bc5 20. Rad1 Bxd4 21.
Rxd4 Nxc2 22. Nxc2 Qxc2 23. Rxd7 Rf7 24. Rfd1 Rxd7 25. Rxd7 Qb1+ 26. Bd1 g5 27.
fxg5 Kh8 28. gxf6 Rg8 29. f7 1-0

[Event "Festival Carnevale d'Europa"]
[Site "Cento ITA"]
[Date "2011.02.12"]
[Round "9"]
[White "Gaspari, Mauro"]
[Black "Boscolo, Federico"]
[WhiteElo "1951"]
[BlackElo "2196"]
[Result "0-1"]
[PlyCount "98"]
[EventDate "2011.02.05"]

1. c4 Nf6 2. Nc3 g6 3. g3 Bg7 4. Bg2 O-O 5. e4 c5 6. Nge2 Nc6 7. d3 d6 8. O-O
Bd7 9. h3 Rb8 10. Rb1 a6 11. Bd2 b5 12. b3 Ne8 13. Bg5 Nc7 14. Qd2 Re8 15. Be3
Ne6 16. f4 Ned4 17. g4 Qa5 18. Kh1 Nxe2 19. Nxe2 Qxd2 20. Bxd2 Nb4 21. Bxb4
cxb4 22. Rfd1 a5 23. d4 bxc4 24. bxc4 Rec8 25. Rbc1 Be6 26. d5 Bd7 27. Nd4 a4
28. Nc6 Bxc6 29. dxc6 b3 30. axb3 axb3 31. c5 b2 32. Rb1 Rxc6 33. cxd6 Rxd6 34.
Rxd6 exd6 35. Kh2 Bd4 36. e5 dxe5 37. f5 gxf5 38. gxf5 Kg7 39. Kg3 Kf6 40. Be4
Rb3+ 41. Kg2 Re3 42. Bd5 Bc3 43. Ba2 Bd4 44. Bd5 Re2+ 45. Kg3 e4 46. Bc4 Rc2
47. Bd5 Be5+ 48. Kg4 Rg2+ 49. Kh4 Rg5 0-1

[Event "Festival Carnevale d'Europa"]
[Site "Cento ITA"]
[Date "2011.02.12"]
[Round "9"]
[White "Gioga, Michele"]
[Black "Lapenna, Antonio"]
[WhiteElo "1682"]
[BlackElo "2137"]
[Result "0-1"]
[PlyCount "58"]
[EventDate "2011.02.05"]

1. e4 c5 2. Nf3 a6 3. d4 cxd4 4. Nxd4 Nf6 5. Nc3 e5 6. Nf3 Nc6 7. Bc4 h6 8. Be3
Bb4 9. Qd3 O-O 10. O-O d6 11. Rad1 Bg4 12. Ne2 Qc7 13. Bb3 Rad8 14. c3 Bc5 15.
Bc1 Rfe8 16. h3 Bh5 17. Ng3 Bg6 18. Qe2 Na5 19. Bc2 Ba7 20. Nh4 Bh7 21. Nhf5
Bb8 22. Ne3 b5 23. Nd5 Nxd5 24. Rxd5 Nc4 25. Qg4 Kh8 26. h4 Nb6 27. Rdd1 d5 28.
Nh5 f6 29. Bb3 Bxe4 0-1

[Event "Festival Carnevale d'Europa"]
[Site "Cento ITA"]
[Date "2011.02.12"]
[Round "9"]
[White "Gulinelli, Euro"]
[Black "Proietti, Tosca"]
[WhiteElo "1613"]
[BlackElo "1818"]
[Result "1/2-1/2"]
[PlyCount "118"]
[EventDate "2011.02.05"]

1. Nf3 Nf6 2. d3 d5 3. Nbd2 Nc6 4. g3 e5 5. Bg2 Be7 6. O-O O-O 7. Re1 Bg4 8. h3
Bh5 9. g4 Bg6 10. Nh4 Bc5 11. e3 Ne7 12. b3 c6 13. Bb2 Nd7 14. Nxg6 Nxg6 15. c4
Nb6 16. Rc1 dxc4 17. dxc4 Bb4 18. Re2 Qe7 19. Qc2 Ba3 20. c5 Bxb2 21. Qxb2 Nd5
22. Ne4 Nh4 23. Nd6 Nxg2 24. Kxg2 b6 25. Ne4 f5 26. gxf5 Rxf5 27. cxb6 axb6 28.
Qb1 c5 29. Rd2 Qe6 30. Rcd1 Rh5 31. Rh1 Qg6+ 32. Ng3 e4 33. Qxe4 Qxe4+ 34. Nxe4
Nb4 35. a4 Re5 36. Nc3 Rg5+ 37. Kh2 Rf5 38. Rhd1 Raf8 39. Ne4 Re5 40. Nd6 Re6
41. Nc4 Ref6 42. Kg2 Rg6+ 43. Kf1 Rg3 44. Nxb6 Rxh3 45. Rd8 Nc6 46. Rxf8+ Kxf8
47. Kg2 Rh5 48. Nc4 Ke7 49. a5 Rf5 50. a6 Rf8 51. Rd5 Ra8 52. Rxc5 Rxa6 53. Rb5
Ra7 54. Kf3 Ke6 55. Ke2 Ra2+ 56. Kf3 Ra7 57. Ke2 Ra2+ 58. Kf3 Ra7 59. Nd2 Ne5+
1/2-1/2